[Event "Julian Mazur Memorial"]
[Site "Wellington Chess Club"]
[Date "2020.07.09"]
[Round "4.12"]
[White "He, Caleb"]
[Black "Yu, Johnson"]
[Result "1-0"]
[WhiteElo "1862"]
[BlackElo "1193"]

1. c4 c5 2. g3 Nf6 3. Bg2 Nc6 4. Nf3 e6 5. O-O Be7 6. d4 d5 7. cxd5 exd5 8.
dxc5 Bxc5 9. Qc2 Qe7 10. a3 h6 11. b4 Bb6 12. Bb2 Bd7 13. e3 O-O 14. h3 Qd6 15.
Nc3 a6 16. Rfd1 Rfe8 17. Kh2 Rac8 18. Qd3 Ne7 19. e4 d4 20. Nxd4 Bxd4 21. Qxd4
Qxd4 22. Rxd4 Nc6 23. Rd2 Ne5 24. Nd5 Bc6 25. Bxe5 Rxe5 26. f4 Ree8 27. Nxf6+
gxf6 28. Rd4 Re7 29. g4 Kg7 30. Kg3 Bb5 31. f5 Rc3+ 32. Kf4 Bd3 33. a4 b5 34.
axb5 Bxb5 35. Re1 Bc6 36. Re3 Rc2 37. Bf3 Rh2 38. Kg3 Rb2 39. Kf4 Re5 40. Be2
Bb5 41. Bxb5 axb5 42. Rc3 Re7 43. Rc5 Rb7 44. e5 Rf2+ 45. Kg3 fxe5 46. Rxe5 Rb2
47. Kf4 Rb6 48. Rc5 Kf6 49. h4 Rg2 50. Rdd5 Kg7 51. Rxb5 Rxb5 52. Rxb5 Re2 53.
Rb8 f6 54. b5 Kf7 55. b6 Ke7 56. b7 Rb2 57. Rh8 Rxb7 58. Rh7+ 1-0

[Event "Julian Mazur Memorial"]
[Site "Wellington Chess Club"]
[Date "2020.07.09"]
[Round "4.13"]
[White "Laking, Robert"]
[Black "Ashe, Michael"]
[Result "0-1"]
[WhiteElo "1944"]
[BlackElo "1748"]

1. d4 Nf6 2. c4 e6 3. Nf3 d5 4. Nc3 Bb4 5. Qc2 O-O 6. b3 c5 7. e3 Nc6 8. dxc5
d4 9. exd4 Nxd4 10. Nxd4 Qxd4 11. Bd2 Bxc5 12. O-O-O Qxf2 13. Bd3 Qxg2 14. Ne4
Nxe4 15. Bxe4 Qh3 16. Bc3 f5 17. Bg2 Qh4 18. Kb2 Be7 19. Rd4 Qh5 20. Bxb7 Bxb7
21. Rg1 Bf6 22. Qf2 Qf7 23. h4 Rad8 24. Rxd8 Bxc3+ 25. Kxc3 Rxd8 26. Qxa7 Be4
27. Qc5 Qf6+ 28. Kb4 Rb8+ 29. Ka4 Qb2 0-1

[Event "Julian Mazur Memorial"]
[Site "Wellington Chess Club"]
[Date "2020.07.09"]
[Round "4.17"]
[White "Rabina, Romeo"]
[Black "Hurndell, Robert"]
[Result "1-0"]
[WhiteElo "1683"]
[BlackElo "1623"]

1. e4 c5 2. Nf3 d6 3. d4 cxd4 4. Nxd4 Nf6 5. Nc3 g6 6. Be3 Bg7 7. Be2 Bd7 8. f4
O-O 9. O-O Nc6 10. Nf3 Ng4 11. Qd2 Nxe3 12. Qxe3 Rc8 13. Kh1 f5 14. Bc4+ Kh8
15. Ng5 Qc7 16. Be6 Bf6 17. Nd5 Qd8 18. exf5 Kg7 19. fxg6 Bxg5 20. fxg5 1-0

[Event "Julian Mazur Memorial"]
[Site "Wellington Chess Club"]
[Date "2020.07.09"]
[Round "4.18"]
[White "Ross, Matt"]
[Black "Van der Hoorn, Thomas"]
[Result "0-1"]
[WhiteElo "1889"]
[BlackElo "1522"]

1. d4 Nf6 2. c4 e6 3. Nc3 Bb4 4. Qc2 d5 5. Nf3 O-O 6. Bg5 Nbd7 7. Ne5 h6 8. Bd2
Nxe5 9. dxe5 Nd7 10. e4 Nxe5 11. cxd5 exd5 12. Nxd5 Bxd2+ 13. Qxd2 Re8 14. Be2
Bg4 15. O-O c6 16. Bxg4 Nxg4 17. Qf4 cxd5 18. Qxg4 dxe4 19. Rad1 Qb6 20. Rd7
Qxb2 21. Rfd1 b5 22. h4 Qxa2 23. Rb7 Qc4 24. Rdd7 a5 25. Qf5 Rf8 26. Rxb5 a4
27. Rbb7 a3 28. Rdc7 Qa2 29. g4 Qa1+ 30. Kg2 Qf6 31. Qxf6 gxf6 32. Ra7 a2
{White resigns in a drawn position (Rxf7+!)} 0-1

[Event "Julian Mazur Memorial"]
[Site "Wellington Chess Club"]
[Date "2020.07.09"]
[Round "4.19"]
[White "Shepherd, Blake"]
[Black "Stoeveken, Peter"]
[Result "0-1"]
[WhiteElo "1456"]
[BlackElo "1803"]

1. d4 Nf6 2. c4 e6 3. Nf3 d5 4. Bg5 c6 5. Nc3 Be7 6. e3 Nbd7 7. Be2 Qb6 8. Qc2
c5 9. Na4 Qb4+ 10. Nd2 a6 11. O-O b5 12. Nc3 bxc4 13. Rfb1 Qb6 14. e4 cxd4 15.
Nd1 d3 0-1

[Event "Julian Mazur Memorial"]
[Site "Wellington Chess Club"]
[Date "2020.07.09"]
[Round "4.20"]
[White "Carroll, Lewis"]
[Black "Stannard, Lars"]
[Result "1-0"]
[WhiteElo "1681"]
[BlackElo "1552"]

1. e4 e5 2. Bc4 Bc5 3. Nf3 Nc6 4. c3 Nf6 5. d4 exd4 6. cxd4 Bb4+ 7. Nc3 O-O 8.
e5 Ne4 9. Qd3 Nxc3 10. bxc3 Ba5 11. Ng5 g6 12. Qh3 h5 13. Qd3 Kg7 14. f4 d5 15.
exd6 Qxd6 16. O-O Bf5 17. Qf3 Rae8 18. a4 Bb6 19. Ba3 Qd7 20. Bxf8+ Rxf8 21. a5
Nxa5 22. Bd3 c5 23. Bxf5 Qxf5 24. Kh1 cxd4 25. cxd4 Bxd4 26. Rad1 Nc6 27. Qb3
b6 28. Qa4 Qc5 29. Rc1 Qe7 30. Qxc6 Re8 31. Nf3 Rd8 32. Rfe1 Qa3 33. Rcd1 Rd6
34. Qc7 Bc5 35. Ne5 Rf6 36. Nd7 Rf5 37. Re5 Qb3 38. Rde1 Rxf4 39. Rxc5 bxc5 40.
Qxf4 c4 41. Qf6+ Kh7 42. Nf8+ Kg8 43. Nxg6 fxg6 44. Re8+ 1-0

[Event "Julian Mazur Memorial"]
[Site "Wellington Chess Club"]
[Date "2020.07.09"]
[Round "4.23"]
[White "Ackroyd, William"]
[Black "Farrington, Lawrence"]
[Result "1-0"]
[WhiteElo "1439"]
[BlackElo "1639"]

1. e4 e6 2. d4 d5 3. Nc3 Bb4 4. Ne2 c5 5. dxc5 Bxc5 6. exd5 exd5 7. Qxd5 Qb6 8.
Ne4 Be7 9. Qd4 Qxd4 10. Nxd4 Bd7 11. Bb5 Nc6 12. Nxc6 bxc6 13. Bd3 Nf6 14. Bf4
Nxe4 15. Bxe4 O-O 16. O-O-O Be8 17. Bd6 Bxd6 18. Rxd6 Rc8 19. Rhd1 f5 20. Bf3
c5 21. Bd5+ Bf7 22. Bxf7+ Rxf7 23. Rd8+ Rf8 24. Rxf8+ Kxf8 25. Rd7 Re8 26. Kd2
Rb8 27. b3 c4 28. bxc4 Rc8 29. Kc3 a5 30. Ra7 Re8 31. Rxa5 g6 32. Rd5 Ra8 33.
c5 Rxa2 34. c6 Ra7 35. Rc5 Rc7 36. Kc4 Ke7 37. Kb5 Kd6 38. Kb6 Rc8 39. c7 Kd7
40. Kb7 1-0

[Event "Julian Mazur Memorial"]
[Site "Wellington Chess Club"]
[Date "2020.07.09"]
[Round "4.24"]
[White "Osborne, Geoff"]
[Black "Webster, Jamie"]
[Result "0-1"]
[WhiteElo "1287"]
[BlackElo "1747"]

1. Nf3 d5 2. g3 g6 3. Bg2 Bg7 4. O-O c6 5. d3 e6 6. Nbd2 Ne7 7. Qe1 O-O 8. e4
Re8 9. e5 Na6 10. d4 b6 11. c3 Bb7 12. h4 c5 13. Qe2 Rc8 14. h5 cxd4 15. cxd4
Nb4 16. Rd1 Ba6 17. Qe3 Nc2 18. Qf4 Nxa1 19. Ng5 Rf8 20. Bf3 Rc6 21. Kg2 Qc8
22. Nf1 Nc2 23. Nh2 Nxd4 24. Ng4 Nxf3 25. Nxh7 Nh4+ 26. Kh3 Nhf5 27. Ngf6+ Kh8
28. Ng5 Rc4 29. Nxf7+ Rxf7 30. Qf3 Rxc1 31. hxg6 Nxg6 32. Qh5+ Bh6 33. Rxc1
Qxc1 34. Ng4 Qh1+ 35. Nh2 Bf1+ 36. Kg4 Nxe5# 0-1

[Event "Julian Mazur Memorial"]
[Site "Wellington Chess Club"]
[Date "2020.07.09"]
[Round "4.25"]
[White "Stannard, Bobby"]
[Black "Asher, Bruce"]
[Result "1-0"]
[WhiteElo "1504"]
[BlackElo "1187"]

1. e4 e5 2. Nf3 Nc6 3. d4 exd4 4. Nxd4 Nf6 5. Nc3 Bb4 6. Bg5 h6 7. Nxc6 bxc6 8.
Bxf6 Qxf6 9. Qd2 d5 10. exd5 Qe5+ 11. Be2 O-O 12. a3 Bc5 13. O-O Bb7 14. Bf3
Rad8 15. Rad1 Qd6 16. b4 Bb6 17. Rfe1 a5 18. b5 cxd5 19. Nxd5 Qxa3 20. Be4 f5
21. Ne7+ Qxe7 22. Bd5+ Rxd5 23. Rxe7 Rxd2 24. Rxd2 Rf6 25. Rdd7 Rg6 26. g3 Rg4
27. h3 Rxg3+ 28. Kf1 Bg2+ 29. Ke1 Bxh3 30. c4 a4 31. c5 Bxc5 32. Re8+ Kh7 33.
Rxc7 Rg1+ 34. Kd2 Bb4+ 35. Kc2 a3 36. Kb3 Rb1+ 37. Ka2 Rb2+ 38. Ka1 Rxf2 39. b6
Rf1+ 40. Ka2 Bg2 41. b7 Rf2+ 42. Kb3 Rb2+ 43. Kc4 Bxb7 44. Rxb7 a2 45. Ra8 f4
46. Rxb4 Rc2+ 47. Kd3 Rg2 48. Rxf4 h5 49. Rfa4 Rg3+ 50. Ke2 g6 51. Rxa2 h4 52.
Kf2 Rg4 53. R2a4 Rg5 54. R8a7+ Kg8 55. Rxh4 Rf5+ 56. Kg3 g5 57. Kg4 Re5 58. Rh5
Rc5 59. Rxg5+ Rxg5+ 60. Kxg5 Kf8 61. Kg6 Ke8 62. Kf6 Kd8 63. Ke6 Ke8 64. Ra8#
1-0

[Event "Julian Mazur Memorial"]
[Site "Wellington Chess Club"]
[Date "2020.07.11"]
[Round "4.6"]
[White "Winter, Ryan"]
[Black "Stracy, Don"]
[Result "1-0"]
[WhiteElo "2166"]
[BlackElo "1696"]

1. e4 c5 2. Nf3 e6 3. d4 cxd4 4. Nxd4 Nf6 5. Nc3 Nc6 6. Ndb5 Bb4 7. a3 Bxc3+ 8.
Nxc3 d5 9. exd5 exd5 10. Bd3 O-O 11. O-O d4 12. Ne4 Bf5 13. Bg5 Bxe4 14. Bxe4
Qd6 15. Bd3 Rfe8 16. Qf3 Rad8 17. Rfe1 Rxe1+ 18. Rxe1 Ne5 19. Qg3 Nxd3 20. Qxd3
Ng4 21. Bxd8 Qxh2+ 22. Kf1 Qd6 23. Re8+ 1-0

[Event "Julian Mazur Memorial"]
[Site "Wellington Chess Club"]
[Date "2020.07.16"]
[Round "5.1"]
[White "Russell, Athula"]
[Black "Croad, Nicolas"]
[Result "0-1"]
[WhiteElo "2250"]
[BlackElo "2440"]

1. b3 e5 2. Bb2 Nc6 3. e3 a6 4. c4 Nf6 5. Nf3 d6 6. d4 e4 7. d5 exf3 8. dxc6
fxg2 9. Bxg2 b5 10. O-O bxc4 11. bxc4 Be6 12. Qa4 Be7 13. Nc3 O-O 14. Nd5 Bf5
15. Bc3 Nxd5 16. cxd5 Bf6 17. Bxf6 Qxf6 18. e4 Bg6 19. Rab1 Qf4 20. Rb7 Rae8
21. Rxc7 Re5 22. Rb7 Rh5 23. h3 Rg5 24. f3 Bf5 25. Rb2 Bxh3 26. Qd4 f5 27. c7
Qh4 28. Rff2 Bxg2 0-1

[Event "Julian Mazur Memorial"]
[Site "Wellington Chess Club"]
[Date "2020.07.16"]
[Round "5.2"]
[White "Dive, Russell"]
[Black "Ker, Anthony"]
[Result "0-1"]
[WhiteElo "2414"]
[BlackElo "2437"]

1. d4 Nf6 2. Nf3 e6 3. g3 b5 4. a4 b4 5. a5 c5 6. Bg2 Bb7 7. dxc5 Bxc5 8. O-O
O-O 9. Nbd2 d5 10. Nb3 Bd6 11. Be3 Na6 12. Nfd4 Qd7 13. Bh3 Rac8 14. Qd3 Ne4
15. Qb5 Qe7 16. Rfc1 Rc4 17. f3 Nf6 18. Nd2 Rc7 19. Bf2 Rb8 20. e3 Bc8 21. Qe2
Nc5 22. a6 Rb6 23. e4 dxe4 24. fxe4 Be5 25. Nc4 Bxd4 26. Bxd4 Bxa6 27. e5 Nd5
28. Rxa6 Rxa6 29. Nd6 Nb3 30. Rf1 Nxd4 31. Qxa6 Qg5 32. Nxf7 Qe3+ 33. Kh1 h6
34. Nxh6+ Qxh6 0-1

[Event "Julian Mazur Memorial"]
[Site "Wellington Chess Club"]
[Date "2020.07.16"]
[Round "5.3"]
[White "Cilia Vincenti, David"]
[Black "Wojnar, Maciej"]
[Result "1-0"]
[WhiteElo "2264"]
[BlackElo "2120"]

1. d4 f5 2. Nc3 d5 3. Bf4 Nf6 4. e3 e6 5. Nb5 Na6 6. c4 Bb4+ 7. Nc3 Ne4 8. Qc2
c6 9. Bd3 Bd6 10. a3 Nb8 11. Nf3 O-O 12. O-O b6 13. cxd5 exd5 14. Bxd6 Qxd6 15.
Ne5 Nd7 16. f4 Bb7 17. Nxe4 fxe4 18. Be2 Rfc8 19. Bg4 1-0

[Event "Julian Mazur Memorial"]
[Site "Wellington Chess Club"]
[Date "2020.07.16"]
[Round "5.4"]
[White "Winter, Ryan"]
[Black "Jackson, Ross"]
[Result "0-1"]
[WhiteElo "2166"]
[BlackElo "2030"]

1. e4 c5 2. Nc3 d6 3. Nf3 Nf6 4. d4 cxd4 5. Nxd4 a6 6. h3 b5 7. g4 b4 8. Nd5 e6
9. Nxf6+ gxf6 10. Bg2 Bb7 11. Ne2 Nd7 12. O-O h5 13. Nf4 hxg4 14. hxg4 Ne5 15.
Re1 Rg8 16. f3 Rc8 17. a3 Qc7 18. c3 bxc3 19. bxc3 Be7 20. Be3 Qxc3 21. Bd4 Qc7
22. Rb1 Nd7 23. Be3 Bc6 24. Qd2 Ne5 25. Rec1 Qd7 26. Rc3 f5 27. exf5 Nxf3+ 28.
Bxf3 Bxf3 29. fxe6 fxe6 30. Rxc8+ Qxc8 31. Rc1 Qd7 32. Qb2 e5 33. Qb8+ Kf7 34.
Qb3+ d5 0-1

[Event "Julian Mazur Memorial"]
[Site "Wellington Chess Club"]
[Date "2020.07.16"]
[Round "5.5"]
[White "Stone, Andrew"]
[Black "He, Caleb"]
[Result "1-0"]
[WhiteElo "2043"]
[BlackElo "1862"]

1. e4 c5 2. d4 cxd4 3. c3 d3 4. Bxd3 g6 5. Nf3 Bg7 6. c4 Nf6 7. Nc3 O-O 8. O-O
d6 9. h3 b6 10. Be3 Bb7 11. Rc1 Nc6 12. Qd2 Nd7 13. b3 Nde5 14. Nxe5 dxe5 15.
Rfd1 e6 16. c5 Nd4 17. Na4 Bc6 18. Qb4 b5 19. Nb2 Qc7 20. Qe1 Rfd8 21. Bd2 Rd7
22. Ba5 Qb7 23. Qe3 Rf8 24. Bc3 Kh8 25. Re1 Qb8 26. Bf1 Rg8 27. Nd3 Qf8 28.
Bxd4 Rxd4 29. Qg3 f6 30. h4 Bxe4 31. c6 Qa8 32. Nc5 Bxc6 33. Nxe6 Rd6 34. Nxg7
Rxg7 35. Qg4 a6 36. Qb4 Rgd7 37. Qc5 Qa7 38. Qxa7 Rxa7 39. h5 gxh5 40. Rc2 Kg7
41. Rec1 Be4 42. Rc3 {Black ran out of time } 1-0

[Event "Julian Mazur Memorial"]
[Site "Wellington Chess Club"]
[Date "2020.07.16"]
[Round "5.6"]
[White "Wevers, Alexis"]
[Black "Wojnar, Jacek"]
[Result "0-1"]
[WhiteElo "1830"]
[BlackElo "2052"]

1. d4 d5 2. Bf4 Nf6 3. e3 Bg4 4. Ne2 e6 5. Nd2 Bd6 6. Bg5 Nbd7 7. f3 Bh5 8. Nf4
Bg6 9. Nxg6 hxg6 10. e4 Be7 11. Qe2 Nh5 12. Bxe7 Qxe7 13. Qf2 O-O-O 14. O-O-O
Qg5 15. Bd3 Nf4 16. g3 Nxd3+ 17. cxd3 Qe7 18. Kb1 Kb8 19. Rc1 Qb4 20. Nb3 Rh3
21. f4 Rdh8 22. f5 gxf5 23. exf5 e5 24. dxe5 Nxe5 25. Qe2 f6 26. d4 Nc4 27. Qe6
c6 28. Qd7 a5 29. Rhe1 Rxh2 30. Re8+ Rxe8 31. Qxe8+ Ka7 32. Rc2 Rxc2 33. Kxc2
a4 34. Qf7 axb3+ 0-1

[Event "Julian Mazur Memorial"]
[Site "Wellington Chess Club"]
[Date "2020.07.16"]
[Round "5.7"]
[White "Forster, Bill"]
[Black "Brockway, Andrew"]
[Result "1-0"]
[WhiteElo "2019"]
[BlackElo "1803"]

1. d4 Nf6 2. Nf3 e6 3. Bg5 h6 4. Bxf6 Qxf6 5. e4 b6 6. Bd3 Bb7 7. Nbd2 c5 8. c3
cxd4 9. cxd4 Bb4 10. O-O Bxd2 11. Qxd2 O-O 12. Rfe1 Nc6 13. e5 Qe7 14. Rad1 Nb4
15. Bb1 Bd5 16. a3 Bxf3 17. gxf3 Nd5 18. Kh1 d6 19. Rg1 g5 20. f4 f6 21. h4 Kh8
22. fxg5 f5 23. Rg2 Rg8 24. Ba2 Rg6 25. Bxd5 exd5 26. f4 Qe6 27. h5 Rg7 28. Rc1
Rc8 29. g6 Rgc7 30. Rxc7 Rxc7 31. Kh2 Kg7 32. Rg3 Qe7 33. Kh3 Qd7 34. Rc3 Rxc3+
35. Qxc3 Qe7 36. Qc8 dxe5 37. dxe5 d4 38. Qxf5 Qb7 39. Kg3 $1 ( {not} 39. Qf7+
$4 Qxf7 40. gxf7 d3 $1 {and Black wins!} ) 39... Qc7 40. Qf7+ 1-0

[Event "Julian Mazur Memorial"]
[Site "Wellington Chess Club"]
[Date "2020.07.16"]
[Round "5.8"]
[White "Ashe, Michael"]
[Black "Sole, Michael"]
[Result "0-1"]
[WhiteElo "1748"]
[BlackElo "2000"]

1. d4 d5 2. c4 c6 3. Nc3 Nf6 4. e3 e6 5. Bd3 Nbd7 6. Nge2 dxc4 7. Bxc4 b5 8.
Bd3 a6 9. O-O c5 10. b3 Bb7 11. f3 Qb6 12. a4 b4 13. Ne4 Nxe4 14. Bxe4 Bxe4 15.
fxe4 Nf6 16. Qc2 Be7 17. Bb2 Rc8 18. Rac1 O-O 19. Qd3 Qb7 20. d5 exd5 21. Bxf6
dxe4 22. Qc4 Bxf6 23. Ng3 Rfe8 24. Qe2 Bc3 25. Qc4 Bd2 26. Qe2 Bxc1 27. Rxc1
Qd5 28. Rc4 Rcd8 29. Qc2 Qd1+ 30. Qxd1 Rxd1+ 31. Kf2 Rd2+ 32. Ne2 Rd5 33. Nf4
Rde5 34. Ke2 f5 35. h4 g6 36. Rc2 Kg7 37. Nh3 h6 38. Nf4 g5 39. hxg5 hxg5 40.
Nh5+ Kg6 41. Ng3 Rd8 42. Nf1 Rd3 43. Nd2 Red5 44. Rb2 Rxd2+ 45. Rxd2 Rxd2+ 46.
Kxd2 Kf6 47. Ke2 Ke5 48. g3 f4 49. gxf4+ gxf4 0-1

[Event "Julian Mazur Memorial"]
[Site "Wellington Chess Club"]
[Date "2020.07.16"]
[Round "5.9"]
[White "Rossiter, Philip"]
[Black "Winsley, Nicholas"]
[Result "0-1"]
[WhiteElo "1885"]
[BlackElo "1566"]

1. c4 Nf6 2. Nc3 g6 3. d4 Bg7 4. Nf3 d5 5. g3 O-O 6. cxd5 Nxd5 7. Bg2 c5 8. O-O
Nc6 9. dxc5 Nxc3 10. bxc3 Bxc3 11. Rb1 Qc7 12. Be3 Bf5 13. Rb3 Rfd8 14. Qc1 Bg7
15. Bh6 Bf6 16. Bg5 Bg7 17. Bf4 e5 18. Bg5 f6 19. Bh6 e4 20. Ne1 Nd4 21. Rb2
Bxh6 22. Qxh6 Qxc5 23. Rxb7 Nxe2+ 24. Kh1 Rd7 25. Rxd7 Bxd7 26. Qd2 Bb5 27.
Bxe4 Re8 28. f3 Nxg3+ 29. hxg3 Bxf1 30. Nc2 f5 31. Bd5+ Kg7 32. Bb3 Re2 33.
Qd7+ Kh6 34. Nd4 Bg2+ 35. Kh2 Bxf3+ 0-1

[Event "Julian Mazur Memorial"]
[Site "Wellington Chess Club"]
[Date "2020.07.16"]
[Round "5.10"]
[White "Symon, Christopher"]
[Black "Carroll, Lewis"]
[Result "1-0"]
[WhiteElo "1500"]
[BlackElo "1681"]

1. Nf3 Nc6 2. d4 e6 3. c4 Nf6 4. Nc3 d5 5. e3 b6 6. cxd5 Nxd5 7. Bb5 Bd7 8. e4
Nxc3 9. bxc3 a6 10. Bd3 Na5 11. O-O c5 12. Qe2 b5 13. d5 c4 14. dxe6 cxd3 15.
exf7+ Kxf7 16. Ne5+ Kg8 17. Qxd3 Be6 18. Qg3 Bd6 19. Bg5 Qc7 20. f4 h6 21. Ng6
Qc5+ 22. Kh1 Qxg5 23. fxg5 Bxg3 24. Nxh8 (24. Ne7+ Kh7 25. g6#) 24... Be5 25.
Ng6 Bxc3 26. Rac1 Bd2 27. Ne7+ Kh7 28. g6+ Kh8 29. Rc8+ Rxc8 30. Nxc8 Bb4 31.
Nb6 Bxa2 32. Nd7 Nc4 33. Ra1 Bb3 34. Rxa6 Nd6 35. Ra8+ Bg8 36. Ne5 1-0

[Event "Julian Mazur Memorial"]
[Site "Wellington Chess Club"]
[Date "2020.07.16"]
[Round "5.11"]
[White "He, Paul"]
[Black "Cooke, Xandi"]
[Result "1/2-1/2"]
[WhiteElo "1911"]
[BlackElo "1444"]

1. c4 e5 2. g3 Nc6 3. Bg2 f5 4. Nc3 Nf6 5. e3 d5 6. Nge2 e4 7. Nf4 dxc4 8. Qa4
g5 9. Nh3 h6 10. Qxc4 a6 11. d4 Bd6 12. a3 Qe7 13. O-O Be6 14. Qa4 b5 15. Nxb5
O-O 16. Nc3 Qd7 17. f4 g4 18. Nf2 Rfb8 19. b4 (19. Ncxe4 fxe4 20. Nxe4 Nxe4 21.
Bxe4 Rb6 22. d5 Ne7 23. Qd4 Bf5 24. Bg2) 19... h5 1/2-1/2

[Event "Julian Mazur Memorial"]
[Site "Wellington Chess Club"]
[Date "2020.07.16"]
[Round "5.12"]
[White "Stoeveken, Peter"]
[Black "Chin-Shong, David"]
[Result "1-0"]
[WhiteElo "1803"]
[BlackElo "1500"]

1. d4 Nf6 2. Bg5 d6 3. Nf3 Nbd7 4. c3 e5 5. Nbd2 Be7 6. e3 c6 7. Bd3 Qc7 8. Qc2
h6 9. Bh4 d5 10. dxe5 Nxe5 11. Nxe5 Qxe5 12. Nf3 Qc7 13. Nd4 Ne4 14. Bxe7 Qxe7
15. O-O O-O 16. Rae1 c5 17. Ne2 Nd6 18. Nf4 Be6 19. Rd1 g5 20. Bh7+ Kh8 21.
Nxd5 Bxd5 22. Rxd5 Qe6 23. Rfd1 Rad8 1-0

[Event "Julian Mazur Memorial"]
[Site "Wellington Chess Club"]
[Date "2020.07.16"]
[Round "5.13"]
[White "Stracy, Don"]
[Black "Ackroyd, William"]
[Result "0-1"]
[WhiteElo "1696"]
[BlackElo "1439"]

1. e4 c6 2. Nc3 d5 3. Nf3 Bg4 4. h3 Bxf3 5. Qxf3 Nf6 6. exd5 cxd5 7. Bb5+ Nc6
8. O-O e6 9. d3 Be7 10. Bf4 O-O 11. Ba4 Ne8 12. Rfe1 Bd6 13. Nb5 Bxf4 14. Qxf4
a6 15. Nc3 b5 16. Bb3 Qd6 17. Qxd6 Nxd6 18. Ne2 Nf5 19. c3 a5 20. d4 Rfc8 21.
Bc2 Nd6 22. Rac1 Nc4 23. Bd3 Nxb2 24. Bxb5 Rab8 25. Ba6 Rc7 26. Rc2 Na4 27.
Rec1 Rb6 28. Bd3 Nb2 29. Nf4 g5 30. Rb1 Rcb7 31. Bxh7+ Kxh7 32. Ne2 Nc4 33.
Rxb6 Rxb6 34. g3 Rb2 35. Rxb2 Nxb2 36. Kg2 Na4 37. Kf3 Na7 38. Ke3 Nb5 39. Kd3
Nb6 40. f4 Kg6 41. fxg5 Kxg5 42. Nf4 Nd6 43. h4+ Kg4 44. h5 Nf5 45. Ne2 Kxh5
46. Kd2 Kg4 47. Ke1 Nxg3 0-1

[Event "Julian Mazur Memorial"]
[Site "Wellington Chess Club"]
[Date "2020.07.16"]
[Round "5.14"]
[White "Van der Hoorn, Thomas"]
[Black "Rabina, Romeo"]
[Result "1-0"]
[WhiteElo "1522"]
[BlackElo "1683"]

1. e4 b6 2. d4 e6 3. Nc3 Bb4 4. Bd3 Bb7 5. Nf3 Nf6 6. Qe2 d5 7. e5 Ne4 8. Bd2
Nxd2 9. Nxd2 Nc6 10. Nf3 Be7 11. a3 Nb8 12. Nd2 Qc8 13. O-O Ba6 14. f4 Bxd3 15.
Qxd3 g6 16. Rae1 Qa6 17. Qf3 Qb7 18. g4 Nc6 19. Nb3 Nd8 20. f5 Bg5 21. Qf2 gxf5
22. gxf5 Qc8 23. f6 h5 24. Kh1 Bh6 25. Qh4 Bf8 26. Rg1 c5 27. Rg5 cxd4 28. Nxd4
Qc4 29. Nce2 Nc6 30. c3 Rc8 31. Rxh5 Rg8 32. Rh8 Rxh8 33. Qxh8 Nxe5 34. Nf4 1-0

[Event "Julian Mazur Memorial"]
[Site "Wellington Chess Club"]
[Date "2020.07.16"]
[Round "5.15"]
[White "Malyavin, Ilya"]
[Black "Dixon, Hamish"]
[Result "1-0"]
[WhiteElo "1500"]
[BlackElo "1679"]

1. e4 c5 2. Nf3 d6 3. h3 Nf6 4. Nc3 Nc6 5. Bc4 Bd7 6. a3 a6 7. O-O b5 8. Ba2 e5
9. Ng5 c4 10. d3 h6 11. Nf3 Be6 12. d4 exd4 13. Nxd4 Nxd4 14. Qxd4 Qc7 15. Bf4
Rd8 16. Rad1 Be7 17. Nd5 Bxd5 18. exd5 O-O 19. c3 Rfe8 20. Qe3 Bf8 21. Qg3 Ne4
22. Qg4 Qd7 23. Qf3 g5 24. Bb1 Nf6 25. Bxg5 hxg5 26. Qxf6 Re5 27. Qf3 f5 28.
Qg3 f4 29. Qf3 Qf7 30. g3 Bg7 31. g4 Bf6 32. Bf5 Kg7 33. Be6 Qg6 34. Rfe1 Qh6
35. Rxe5 Bxe5 36. Kg2 Qf6 37. Qe4 Rh8 38. f3 Qh6 39. Rh1 Qh4 40. Qe1 Qh6 41.
Qf2 Kf6 42. Qa7 Rh7 43. Qxa6 Qh4 44. Kf1 Qg3 45. Qb6 Qxf3+ 46. Kg1 Qg3+ 47. Kf1
Rxh3 48. Qd8+ Kg7 49. Qxg5+ 1-0

[Event "Julian Mazur Memorial"]
[Site "Wellington Chess Club"]
[Date "2020.07.16"]
[Round "5.16"]
[White "Yu, Johnson"]
[Black "Marney, John"]
[Result "1-0"]
[WhiteElo "1193"]
[BlackElo "1660"]

1. e4 e5 2. Nf3 Nc6 3. Bc4 Bc5 4. O-O Nf6 5. Re1 d6 6. h3 h6 7. c3 a6 8. d4 Ba7
9. b4 O-O 10. Bb3 b5 11. Qd3 Bb7 12. Be3 Ne7 13. d5 Bxe3 14. Rxe3 Ng6 15. Nbd2
Nf4 16. Qf1 Bc8 17. Kh2 g5 18. Ng1 g4 19. g3 Nxh3 20. Nxh3 gxh3 21. Kh1 Ng4 22.
Rf3 Qg5 23. Qe2 Bd7 24. Bc2 Rae8 25. Nf1 Re7 26. Ne3 Nxe3 27. Qxe3 f6 28. Qa7
Bg4 29. Rf5 Bxf5 30. exf5 Qd2 31. Be4 Qxc3 32. Rb1 Qc4 33. Qe3 Kh7 34. Bf3 Rg8
35. Kh2 Qxa2 36. Rh1 Reg7 37. Kxh3 Qc4 38. Qxh6+ Kxh6 39. Kg2+ Kg5 40. Rh5# 1-0

[Event "Julian Mazur Memorial"]
[Site "Wellington Chess Club"]
[Date "2020.07.16"]
[Round "5.17"]
[White "Hurndell, Robert"]
[Black "Laking, Robert"]
[Result "0-1"]
[WhiteElo "1623"]
[BlackElo "1944"]

1. e4 c5 2. Nf3 Nc6 3. d4 cxd4 4. Nxd4 Qc7 5. Nc3 e6 6. Ndb5 Qb8 7. Be3 Nf6 8.
Bd3 Be7 9. O-O d5 10. Nd4 e5 11. Nxc6 bxc6 12. Bc1 Be6 13. Re1 O-O 14. a3 a5
15. b3 d4 16. Ne2 c5 17. Ng3 a4 18. Bc4 Bxc4 19. bxc4 Rd8 20. Nf5 Bf8 21. Bg5
Ra6 22. Rb1 Qa8 23. f3 Rb8 24. Qd2 Nd7 25. Ne7+ Bxe7 26. Bxe7 f6 27. f4 Re8 28.
fxe5 Rxe7 29. exf6 Nxf6 30. Qf4 Nd7 31. Qg4 Rg6 32. Qh4 Qe8 33. Rb7 Rge6 34.
Qg3 Rxe4 35. Rxe4 Rxe4 36. h3 Re1+ 37. Kh2 Qe5 38. Rxd7 Rh1+ {39. Resigns 0-1}
0-1

[Event "Julian Mazur Memorial"]
[Site "Wellington Chess Club"]
[Date "2020.07.16"]
[Round "5.18"]
[White "Webster, Jamie"]
[Black "Shyamsundar, Tejas"]
[Result "1-0"]
[WhiteElo "1747"]
[BlackElo "1500"]

1. e4 d5 2. exd5 Qxd5 3. Nc3 Qd6 4. d4 Nf6 5. Nf3 Bg4 6. h3 Bxf3 7. Qxf3 c6 8.
Bf4 Qxd4 9. Nb5 cxb5 10. Bxb5+ Nbd7 11. Qxb7 Rd8 12. Bc7 Qe4+ 13. Qxe4 Nxe4 14.
Bxd8 Kxd8 15. O-O-O Nd6 16. Ba4 Nc5 17. Bc6 Kc7 18. Bf3 Nde4 19. Bxe4 Nxe4 20.
Rhf1 g6 21. Rd4 Bh6+ 22. f4 Ng3 23. Rc4+ Kb6 24. Re1 Nf5 25. g4 Nd6 26. Rb4+
Kc6 27. Rxe7 Kc5 28. Ra4 Ra8 29. b3 a5 30. Kb1 Bg7 31. Kc1 Bf6 32. Re3 g5 33.
f5 Kb6 34. Re2 Nb5 35. Rd2 Re8 36. c4 Nd4 37. c5+ Kxc5 38. Rc4+ Kd5 39. Kb2 Re3
40. Kc1 Rxh3 41. Kb2 Re3 42. Ka3 Re4 43. Ka4 Bd8 44. Rc8 Bb6 45. a3 Ke5 46.
Re8+ Kf6 47. Rxe4 1-0

[Event "Julian Mazur Memorial"]
[Site "Wellington Chess Club"]
[Date "2020.07.16"]
[Round "5.19"]
[White "Jelley, Arch"]
[Black "Darr, Samuel"]
[Result "1-0"]
[WhiteElo "1500"]
[BlackElo "1652"]

1. d4 d5 2. c4 e6 3. Bf4 Nf6 4. Nc3 Bb4 5. e3 Nc6 6. a3 Bxc3+ 7. bxc3 b6 8. Nf3
Ne4 9. Qc2 Ba6 10. Bd3 Nf6 11. Qa4 Bb7 12. Ne5 Qd6 13. Nxf7 Qf8 14. Nxh8 Qxh8
15. Bxc7 Qf8 16. cxd5 Nxd5 17. Bb5 Nxc7 18. Bxc6+ Bxc6 19. Qxc6+ Kd8 20. O-O
Rc8 21. Qe4 g6 22. Rfd1 Qf7 23. c4 Ne8 24. d5 Ke7 25. dxe6 Qxe6 26. Qxe6+ Kxe6
27. Rd4 Nd6 28. Rc1 Nb5 29. Re4+ Kf5 30. f3 Nxa3 31. Re7 Nxc4 32. Rxa7 b5 33.
Rb7 Rc5 34. g4+ Kg5 35. Kf2 Rd5 36. Ke2 Rd2+ 37. Ke1 Rd5 38. e4 Re5 39. Rb1 Na3
40. Rb3 b4 41. Kd2 Kf4 42. R7xb4 Nb1+ 43. Ke2 Rc5 44. Rxb1 Rc2+ 45. Kd3 Rxh2
46. Re1 Ke5 47. Rb5+ Ke6 48. e5 Rf2 49. Rb6+ Ke7 50. Ke3 Ra2 51. Rh1 Ra3+ 52.
Kf4 Ra4+ 53. Kg5 Ra5 54. Rxh7+ 1-0

[Event "Julian Mazur Memorial"]
[Site "Wellington Chess Club"]
[Date "2020.07.16"]
[Round "5.20"]
[White "Farrington, Lawrence"]
[Black "Kibblewhite, Daniel"]
[Result "1/2-1/2"]
[WhiteElo "1639"]
[BlackElo "1640"]

1. e4 e6 2. d4 d5 3. Nc3 Bb4 4. e5 c5 5. a3 Bxc3+ 6. bxc3 Nc6 7. Nf3 Nge7 8. a4
Bd7 9. Ba3 Qa5 10. Qd2 Qxa4 11. Bb2 Qxa1+ 12. Bxa1 c4 13. Be2 a5 14. Bb2 a4 15.
Ba3 Na7 16. O-O Nb5 17. Ra1 Nxa3 18. Rxa3 Nc6 19. Ng5 Na7 20. Qc1 Nb5 21. Qb2
Nxa3 22. Qxa3 h6 23. Nf3 Bc6 24. Nd2 Kd7 25. Qd6+ Kc8 26. Nb1 Rd8 27. Qc5 Kc7
28. Na3 b6 29. Qe7+ Rd7 30. Qh4 Rh8 31. f4 g6 32. Qg3 h5 33. h4 Rdd8 34. Qg5
Rhe8 35. Qg3 Rg8 36. Kf1 Rdf8 37. Qg5 Rd8 38. Qe7+ Rd7 39. Qg5 Rdd8 40. Qe7+
Rd7 41. Qb4 Ra8 1/2-1/2